书目信息 |
| 题名: |
多媒体技术基础及应用
|
|
| 作者: | 崔浩 , 袁可 主编 | |
| 分册: | ||
| 出版信息: | 重庆 重庆大学出版社 2007.10 |
|
| 页数: | 281页 | |
| 开本: | 26cm | |
| 丛书名: | 普通高等院校计算机基础教育系列教材 | |
| 单 册: | ||
| 中图分类: | TP37 | |
| 科图分类: | ||
| 主题词: | 多媒体--duo mei ti--技术--高等学校--教材 | |
| 电子资源: | ||
| ISBN: | 978-7-5624-4245-5 | |
| 000 | 01062nam 2200277 450 | |
| 001 | 012008016734 | |
| 005 | 20080509103416.39 | |
| 010 | @a978-7-5624-4245-5@dCNY24.00 | |
| 100 | @a20080509d2007 em y0chiy0120 ea | |
| 101 | 0 | @achi |
| 102 | @aCN@b500000 | |
| 105 | @aak a 000yy | |
| 106 | @ar | |
| 200 | 1 | @a多媒体技术基础及应用@Aduo mei ti ji shu ji chu ji ying yong@f崔浩, 袁可主编@Fcui hao,yuan ke zhu bian |
| 210 | @a重庆@c重庆大学出版社@d2007.10 | |
| 215 | @a281页@c图@d26cm | |
| 225 | 2 | @a普通高等院校计算机基础教育系列教材@Apu tong gao deng yuan xiao ji suan ji ji chu jiao yu xi lie jiao cai |
| 320 | @a有书目 (第281页) | |
| 330 | @a本书内容包括:图像信息处理技术、音频信息处理技术、视频信息处理技术、动画、多媒体创作工具Authorware7的应用、多媒体应用系统的综合开发等。 | |
| 410 | 0 | @12001 @a普通高等院校计算机基础教育系列教材 |
| 606 | 0 | @a多媒体@Aduo mei ti@x技术@x高等学校@j教材 |
| 690 | @aTP37@v4 | |
| 701 | 0 | @a崔浩@Acui hao@4主编 |
| 701 | 0 | @a袁可@Ayuan ke@4主编 |
| 801 | 0 | @aCN@bQSSK@c20080509 |
| 905 | @b708284-86@dTP37@eC971@f3 | |
| 多媒体技术基础及应用/崔浩, 袁可主编.-重庆:重庆大学出版社,2007.10 |
| 281页:图;26cm.-(普通高等院校计算机基础教育系列教材) |
| ISBN 978-7-5624-4245-5:CNY24.00 |
| 本书内容包括:图像信息处理技术、音频信息处理技术、视频信息处理技术、动画、多媒体创作工具Authorware7的应用、多媒体应用系统的综合开发等。 |
| ● |
| 相关链接 |
|
|
|
正题名:多媒体技术基础及应用
索取号:TP37/C971
 
预约/预借
| 序号 | 登录号 | 条形码 | 馆藏地/架位号 | 状态 | 备注 |
| 1 | 708284 | 207082841 | 自科库301/301自科库 93排2列1层/ [索取号:TP37/C971] | 在馆 | |
| 2 | 708285 | 207082850 | 自科二线404/301自科库 59排2列4层/ [索取号:TP37/C971] | 在馆 | |
| 3 | 708286 | 207082869 | 自科库301/301自科库 93排2列1层/ [索取号:TP37/C971] | 在馆 |